Welcome to the Holygrace Academy Library

Please use search bar below to get started

JAKE CAKE (Record no. 5778)

MARC details
000 -LEADER
fixed length control field 00351nam a22001577a 4500
020 ## - INTERNATIONAL STANDARD BOOK NUMBER
ISBN 978-0-141-32087-8
082 ## - DEWEY DECIMAL CLASSIFICATION NUMBER
Classification number 823
Item number BRO/W
100 ## - MAIN ENTRY--AUTHOR NAME
Personal name BROAD, MICHAEL
245 ## - TITLE STATEMENT
Title JAKE CAKE
246 ## - VARYING FORM OF TITLE
Title proper/short title THE WERE WOLF TEACHER
260 ## - PUBLICATION, DISTRIBUTION, ETC. (IMPRINT)
Place of publication NEW DELHI
Name of publisher PENGUIN BOOKS
Year of publication 2007
300 ## - PHYSICAL DESCRIPTION
Number of Pages 121
520 ## - SUMMARY, ETC.
Summary, etc SHORT STORY
650 ## - SUBJECT ADDED ENTRY--TOPICAL TERM
Topical Term SHORT STORY
942 ## - ADDED ENTRY ELEMENTS (KOHA)
Koha item type Books
Holdings
Withdrawn status Lost status Collection code Home library Current library Shelving location Date acquired Source of acquisition Full call number Accession Number Koha item type
    Fiction Main Library Main Library SHELF 15-I-CHILDREN'S STORYBOOKS 28/01/2019 Purchase 823 BRO/W 10717 Books